000 00283 a2200109 4500
001 ART_17532
005 20260410161750.0
008 260409a
245 1 0 _aThe Black Swan
100 1 _aTaleb, Nassim N.
773 0 _tBook Summary
_g- NÂș 11 (ene. 2008)
_wREV4099
999 _c19590
_d19590